ბათუმის შოთა რუსთაველის სახელმწიფო უნივერსიტეტის ბიბლიოთეკა

Sturm und Drang / (ბიბ.ჩანაწერი № 58888)

000 -LEADER
fixed length control field 00644nam a22002057a 4500
005 - DATE AND TIME OF LATEST TRANSACTION
control field 20221017115212.0
008 - FIXED-LENGTH DATA ELEMENTS--GENERAL INFORMATION
fixed length control field 221013s2010ge xxu||||| |||| 00| 0 ger d
020 ## - INTERNATIONAL STANDARD BOOK NUMBER
International Standard Book Number 9783825233983
041 ## - LANGUAGE CODE
Language code of text/sound track or separate title ger
080 ## - UNIVERSAL DECIMAL CLASSIFICATION NUMBER
Universal Decimal Classification number 821.112.2 J-94
100 ## - MAIN ENTRY--PERSONAL NAME
Personal name Jürgensen, Christoph.
9 (RLIN) 15322
245 ## - TITLE STATEMENT
Title Sturm und Drang /
Remainder of title Christoph Jürgensen, Ingo Irsigler.
264 ## - PRODUCTION, PUBLICATION, DISTRIBUTION, MANUFACTURE, AND COPYRIGHT NOTICE
Place of production, publication, distribution, manufacture Gottingen :
Name of producer, publisher, distributor, manufacturer Vandenhoeck & Ruprecht,
Date of production, publication, distribution, manufacture, or copyright notice 2010.
300 ## - PHYSICAL DESCRIPTION
Extent 123 p.;
Other physical details 19 cm.
440 ## - SERIES STATEMENT/ADDED ENTRY--TITLE
Title UTB Profile
9 (RLIN) 15323
653 ## - INDEX TERM--UNCONTROLLED
keyword Sturm und Drang
653 ## - INDEX TERM--UNCONTROLLED
keyword გერმანული ლიტერატურა
700 ## - ADDED ENTRY--PERSONAL NAME
Personal name Irsigler,Ingo
Relator term Author
9 (RLIN) 15324
942 ## - ADDED ENTRY ELEMENTS (KOHA)
Source of classification or shelving scheme
Koha item type წიგნი
ეგზემპლარები
Withdrawn status Lost status Source of classification or shelving scheme Damaged status Not for loan Permanent Location Current Location Shelving location Date acquired Cost, normal purchase price Full call number Barcode Date last seen Copy number Price effective from Koha item type Public note
          ბათუმის შოთა რუსთაველის სახელმწიფო უნივერსიტეტის მთავარი ბიბლიოთეკა ბათუმის შოთა რუსთაველის სახელმწიფო უნივერსიტეტის მთავარი ბიბლიოთეკა წიგნსაცავი 2022-10-13 15.00 821.112.2 J-94 63077 2022-10-13 63077 2022-10-13 წიგნი 15ლ.13თ.